000 00449nam a2200169Ia 4500
008 230714s9999 xx 000 0 und d
020 _a9790000000000
041 _aeng
082 _a005.8
_bVER
100 _aVerma A.
_9117577
245 _aCyber Crimes And Law
260 _c2009
_bCentral Law Publications
300 _a464
_dRef 66 IT (39207)
365 _cRs.
_b580.00
700 _aVerma A.
_9117577
906 _dB:255121-Oct-2011
_cIT
_b233.1
999 _c204460
_d204460